000 00531nam a2200193Ia 4500
008 131003t2012 xxu||||| |||| 00| 0 sin d
041 _asin
080 _a8-31 (eng)
_bCRI
100 _aCrisy,John
245 _aසැහැසි දඩයම
246 _aSahasi Dadayama
260 _aNanila
_aNugegoda
_c2012
300 _b310p, 21 cm
500 _aSinhalese translation of John Crisy's of Murder Assured
700 _aIluppitiya,Ranjith
_etr.
942 _cBK
999 _c42505
_d42505
003 LK-CoDNM
040 _aLK-CoDNM
_dLK-CoDNM
_eLK-CoDNM